[Event "Amager Aabne CC-ch"]
[Site "Amager"]
[Date "2012.03.06"]
[Round "6"]
[White "Jensen, Jonbert"]
[Black "Larsen, Kim"]
[Result "1-0"]
[WhiteElo "1402"]
[BlackElo "1609"]
[PlyCount "129"]
[EventDate "2012.01.10"]
[EventType "swiss"]
[EventRounds "7"]
[EventCountry "DEN"]
[SourceTitle "EXT 2023"]
[Source "ChessBase"]
[SourceDate "2022.10.05"]
[SourceVersion "1"]
[SourceVersionDate "2022.10.05"]
[SourceQuality "1"]

1. e4 c5 2. Nf3 Nc6 3. d4 cxd4 4. Nxd4 Nf6 5. Nc3 e5 6. Nxc6 bxc6 7. Bd3 Bb4 8. Bd2 0-0 9. 0-0 d5 10. exd5 cxd5 11. a3 Ba5 12. Na4 Bxd2 13. Qxd2 Bd7 14. Nc5 Bc6 15. b4 Rb8 16. Be2 Re8 17. Rfe1 Qb6 18. Bf3 e4 19. Be2 a5 20. c3 Red8 21. Qd4 Bb5 22. h3 axb4 23. axb4 Bxe2 24. Rxe2 Ra8 25. Rea2 Qc6 26. Ra6 Rxa6 27. Rxa6 Qb5 28. Ra5 Qb6 29. Kf1 Nh5 30. Na4 Qxd4 31. cxd4 Nf4 32. b5 Rb8 33. b6 Ne6 34. Rxd5 g6 35. Rd6 Kf8 36. Nc5 Nxd4 37. Nd7+ Ke7 38. Rxd4 Rb7 39. Nc5 Rxb6 40. Rxe4+ Kd6 41. Nd3 h5 42. Ke2 Rb5 43. f4 f6 44. Kf3 Rb3 45. Rd4+ Ke6 46. g4 hxg4+ 47. Kxg4 Rb5 48. Rb4 Rd5 49. Rb6+ Kf7 50. Nb4 Rd4 51. Rb7+ Kf8 52. Nc6 Rc4 53. Nd8 Ke8 54. Ne6 Re4 55. Nc5 Rc4 56. Nd7 Rc6 57. Ra7 Rd6 58. Nc5 Rd4 59. h4 Rd5 60. Ne6 Rd6 61. f5 gxf5+ 62. Kxf5 Rd5+ 63. Kxf6 Rh5 64. Ng7+ Kf8 65. Ra8# 1-0

[Event "Amager Aabne CC-ch"]
[Site "Amager"]
[Date "2012.02.28"]
[Round "5"]
[White "Kinch, Peder"]
[Black "Larsen, Kim"]
[Result "0-1"]
[WhiteElo "1191"]
[BlackElo "1609"]
[PlyCount "78"]
[EventDate "2012.01.10"]
[EventType "swiss"]
[EventRounds "7"]
[EventCountry "DEN"]
[SourceTitle "EXT 2023"]
[Source "ChessBase"]
[SourceDate "2022.10.05"]
[SourceVersion "1"]
[SourceVersionDate "2022.10.05"]
[SourceQuality "1"]

1. f4 d5 2. Nf3 c5 3. e3 Nc6 4. b3 Nf6 5. Bb2 e6 6. h3 Bd6 7. d3 Qc7 8. Nbd2 b6 9. Rc1 0-0 10. Bxf6 gxf6 11. c3 f5 12. d4 cxd4 13. cxd4 f6 14. Bb5 Bd7 15. g4 a6 16. Bd3 Kh8 17. g5 Bxf4 18. exf4 Qxf4 19. gxf6 Rxf6 20. Rg1 Nxd4 21. Nxd4 Qxd4 22. Nf3 Qe3+ 23. Be2 Rg6 24. Rxg6 hxg6 25. Rc7 Rd8 26. Qd4+ Qxd4 27. Nxd4 e5 28. Nc6 Bxc6 29. Rxc6 Kg7 30. Rxb6 d4 31. Bc4 e4 32. Re6 Kh6 33. Kd2 Kg5 34. h4+ Kf4 35. Rxg6 Rh8 36. Rg2 Rxh4 37. Rf2+ Ke5 38. Rf1 Rh2+ 39. Ke1 Rxa2 0-1

[Event "Amager Aabne CC-ch"]
[Site "Amager"]
[Date "2012.01.24"]
[Round "2"]
[White "Lunding, Peter M"]
[Black "Larsen, Kim"]
[Result "1/2-1/2"]
[WhiteElo "1945"]
[BlackElo "1609"]
[PlyCount "63"]
[EventDate "2012.01.10"]
[EventType "swiss"]
[EventRounds "7"]
[EventCountry "DEN"]
[SourceTitle "EXT 2023"]
[Source "ChessBase"]
[SourceDate "2022.10.05"]
[SourceVersion "1"]
[SourceVersionDate "2022.10.05"]
[SourceQuality "1"]

1. d4 d5 2. Nf3 g6 3. g3 Bg7 4. Bg2 Nf6 5. 0-0 0-0 6. c3 c6 7. Ne5 Bf5 8. Nd2 Nbd7 9. Ndf3 Be4 10. Nd3 b6 11. h3 Rc8 12. Be3 Qc7 13. Rc1 Rfe8 14. b3 Qb7 15. Qd2 Kh8 16. Bh6 Ng8 17. Bxg7+ Kxg7 18. Qf4 Ndf6 19. Nfe5 Bxg2 20. Kxg2 e6 21. g4 Qc7 22. b4 Ne4 23. c4 f6 24. cxd5 fxe5 25. Qxe4 exd5 26. Qe3 e4 27. Ne5 Qd6 28. f4 exf3+ 29. Qxf3 Rf8 30. Qg3 Rxf1 31. Rxf1 Rf8 32. Rxf8 1/2-1/2

[Event "Amager Aabne CC-ch"]
[Site "Amager"]
[Date "2012.01.10"]
[Round "1"]
[White "Larsen, Kim"]
[Black "Foss, Kim"]
[Result "1/2-1/2"]
[WhiteElo "1609"]
[BlackElo "1472"]
[PlyCount "59"]
[EventDate "2012.01.10"]
[EventType "swiss"]
[EventRounds "7"]
[EventCountry "DEN"]
[SourceTitle "EXT 2023"]
[Source "ChessBase"]
[SourceDate "2022.10.05"]
[SourceVersion "1"]
[SourceVersionDate "2022.10.05"]
[SourceQuality "1"]

1. d4 Nf6 2. Bf4 d6 3. Nf3 Bg4 4. e3 g6 5. Be2 Bg7 6. Nc3 Nbd7 7. h3 Bxf3 8. Bxf3 c6 9. Qd2 Qa5 10. h4 h5 11. Qe2 e5 12. dxe5 Nxe5 13. e4 0-0-0 14. Bd2 Qc7 15. 0-0-0 Rhe8 16. Bg5 Rd7 17. Bxf6 Bxf6 18. g4 Nxf3 19. Qxf3 hxg4 20. Qxg4 Bxc3 21. bxc3 Kb8 22. Rhe1 Red8 23. Qg3 Qa5 24. Kb2 Qb5+ 25. Ka1 Kc8 26. f4 Qh5 27. Rd3 Rh8 28. Rh1 f6 29. Rh3 Re8 30. Qg2 1/2-1/2

[Event "Amager-ch"]
[Site "Amager"]
[Date "2011.09.27"]
[Round "4"]
[White "Lunding, Peter M"]
[Black "Larsen, Kim"]
[Result "1-0"]
[WhiteElo "1928"]
[BlackElo "1618"]
[PlyCount "57"]
[EventDate "2011.08.30"]
[EventType "swiss"]
[EventRounds "7"]
[EventCountry "DEN"]
[SourceTitle "EXT 2023"]
[Source "ChessBase"]
[SourceDate "2022.10.05"]
[SourceVersion "1"]
[SourceVersionDate "2022.10.05"]
[SourceQuality "1"]

1. d4 d5 2. Nf3 e6 3. Nbd2 c5 4. c3 cxd4 5. Nxd4 Bd6 6. N2f3 Ne7 7. Nb5 a6 8. Nxd6+ Qxd6 9. e4 Nbc6 10. Be2 0-0 11. exd5 Qxd5 12. Qc2 Rd8 13. Be3 Qf5 14. Qxf5 Nxf5 15. Bb6 Rd6 16. 0-0 Ne5 17. Nxe5 Rxb6 18. Nc4 Rc6 19. Rad1 Kf8 20. Rd8+ Ke7 21. Rfd1 Rb8 22. g4 Nh6 23. Rh8 Nxg4 24. Rxh7 g6 25. Rh8 Nf6 26. Rdd8 Nd5 27. Rdf8 Kf6 28. Rh7 Ke7 29. Rhxf7# 1-0

[Event "Amager Spring A"]
[Site "Amager"]
[Date "2011.06.14"]
[Round "5"]
[White "Friis, Jordy Ar"]
[Black "Larsen, Kim"]
[Result "0-1"]
[WhiteElo "1651"]
[BlackElo "1600"]
[PlyCount "111"]
[EventDate "2011.05.10"]
[EventType "tourn"]
[EventRounds "5"]
[EventCountry "DEN"]
[SourceTitle "EXT 2023"]
[Source "ChessBase"]
[SourceDate "2022.10.05"]
[SourceVersion "1"]
[SourceVersionDate "2022.10.05"]
[SourceQuality "1"]

1. d4 d5 2. c4 c6 3. cxd5 cxd5 4. Nc3 e6 5. Bf4 g6 6. e3 a6 7. Nf3 Bg7 8. Bd3 Ne7 9. Rc1 0-0 10. 0-0 b6 11. Na4 Nbc6 12. Qb3 b5 13. Nc5 Kh8 14. Qa3 Qb6 15. b3 Ra7 16. Rc2 a5 17. Qb2 Nb4 18. Rc3 Nxd3 19. Nxd3 f6 20. Rfc1 g5 21. Bg3 Qa6 22. Rc7 Nf5 23. R1c6 Rxc7 24. Rxa6 Nxg3 25. Rxa5 Ne4 26. Nd2 Nc3 27. Nc5 Ne4 28. Ndxe4 dxe4 29. Rxb5 f5 30. b4 Re8 31. a4 Rd8 32. Rb6 e5 33. a5 exd4 34. exd4 Bxd4 35. Qd2 Bxf2+ 36. Qxf2 Rd1+ 37. Qf1 Rxf1+ 38. Kxf1 Kg7 39. Ne6+ Bxe6 40. Rxe6 Kf7 41. Rd6 Rc1+ 42. Ke2 Rb1 43. Rd4 Rb3 44. a6 Ke6 45. Rc4 e3 46. a7 Ra3 47. Rc7 Kd6 48. Rxh7 f4 49. b5 Kc5 50. Rb7 Ra2+ 51. Ke1 g4 52. b6 f3 53. gxf3 gxf3 54. Rc7+ Kxb6 55. Rc1 Rxh2 56. Rb1+ 0-1

[Event "Amager Spring A"]
[Site "Amager"]
[Date "2011.05.31"]
[Round "4"]
[White "Larsen, Kim"]
[Black "Wieth Klitgaard, Peter"]
[Result "0-1"]
[WhiteElo "1600"]
[BlackElo "2061"]
[PlyCount "108"]
[EventDate "2011.05.10"]
[EventType "tourn"]
[EventRounds "5"]
[EventCountry "DEN"]
[SourceTitle "EXT 2023"]
[Source "ChessBase"]
[SourceDate "2022.10.05"]
[SourceVersion "1"]
[SourceVersionDate "2022.10.05"]
[SourceQuality "1"]

1. e4 Nc6 2. Bc4 Nf6 3. d3 d5 4. exd5 Nxd5 5. Bg5 g6 6. Nf3 Bg7 7. c3 Qd6 8. 0-0 0-0 9. Bxd5 Qxd5 10. d4 Bg4 11. Nbd2 e5 12. h3 Bxf3 13. Nxf3 exd4 14. cxd4 Nxd4 15. Nxd4 Qxg5 16. Nf3 Qa5 17. Qb3 Qb6 18. Qxb6 axb6 19. Rfb1 Rfe8 20. Kf1 Ra4 21. a3 b5 22. b3 Ra7 23. Ra2 c5 24. a4 bxa4 25. Rxa4 Rxa4 26. bxa4 Re7 27. Rb5 Rc7 28. Ne1 Kf8 29. Nc2 Ke7 30. Rb6 Rd7 31. Ke2 Kd8 32. Ne3 Kc7 33. Rb5 Kc6 34. Nc2 Bc3 35. Na3 Rd2+ 36. Kf3 Ra2 37. Rb3 Bb4 38. Nc4 Rxa4 39. Ne5+ Kd5 40. Nxf7 Ra3 41. Re3 c4 42. Ng5 Rxe3+ 43. Kxe3 h5 44. f3 b5 45. g4 hxg4 46. fxg4 Be7 47. Nf3 b4 48. h4 b3 49. Kd2 Ke4 50. Ng1 Bxh4 51. Ne2 Bg5+ 52. Kd1 Kd3 53. Ng1 b2 54. Nf3 b1Q# 0-1

[Event "Amager Spring A"]
[Site "Amager"]
[Date "2011.05.10"]
[Round "1"]
[White "Larsen, Kim"]
[Black "Jensen, Thore Nyboe"]
[Result "0-1"]
[WhiteElo "1600"]
[BlackElo "1966"]
[PlyCount "56"]
[EventDate "2011.05.10"]
[EventType "tourn"]
[EventRounds "5"]
[EventCountry "DEN"]
[SourceTitle "EXT 2023"]
[Source "ChessBase"]
[SourceDate "2022.10.05"]
[SourceVersion "1"]
[SourceVersionDate "2022.10.05"]
[SourceQuality "1"]

1. e4 c5 2. Nf3 Nc6 3. c3 d5 4. exd5 Qxd5 5. d3 e5 6. Be2 Bf5 7. c4 Qd7 8. Nh4 Be6 9. Be3 f5 10. f4 Bd6 11. 0-0 exf4 12. Bd2 Nf6 13. Bc3 Ng4 14. Qd2 0-0-0 15. Rxf4 Nxh2 16. Kxh2 g5 17. Bxh8 Qc7 18. g3 gxh4 19. Bf6 hxg3+ 20. Kxg3 Rg8+ 21. Kf3 Qf7 22. Rh4 Qxf6 23. Qh6 Rg3+ 24. Kf2 Rg6 25. Qxh7 Bg3+ 26. Kf1 Bxh4 27. Nc3 f4 28. Ne4 Bh3# 0-1

[Event "Amager CC-ch"]
[Site "Amager"]
[Date "2011.02.08"]
[Round "2"]
[White "Larsen, Knud Albert"]
[Black "Larsen, Kim"]
[Result "1-0"]
[WhiteElo "1678"]
[BlackElo "1544"]
[PlyCount "42"]
[EventDate "2011.01.25"]
[EventType "swiss"]
[EventRounds "7"]
[EventCountry "DEN"]
[SourceTitle "EXT 2023"]
[Source "ChessBase"]
[SourceDate "2022.10.05"]
[SourceVersion "1"]
[SourceVersionDate "2022.10.05"]
[SourceQuality "1"]

1. e4 c5 2. d4 cxd4 3. c3 Nf6 4. e5 Nd5 5. cxd4 Nc6 6. Nf3 e6 7. Nc3 Bb4 8. Bd2 Nxc3 9. bxc3 Be7 10. Bd3 d5 11. exd6 Qxd6 12. 0-0 e5 13. Re1 exd4 14. Rc1 dxc3 15. Bxc3 0-0 16. Qc2 g6 17. Rcd1 Nb4 18. Qb1 Nxd3 19. Rxd3 Qc5 20. Qb2 f6 21. Rde3 Qa3 1-0

[Event "Amager-ch"]
[Site "Amager"]
[Date "2010.10.12"]
[Round "4"]
[White "Friis, Jordy Ar"]
[Black "Larsen, Kim"]
[Result "1-0"]
[WhiteElo "1469"]
[BlackElo "1633"]
[PlyCount "71"]
[EventDate "2010.08.24"]
[EventType "swiss"]
[EventRounds "7"]
[EventCountry "DEN"]
[SourceTitle "EXT 2023"]
[Source "ChessBase"]
[SourceDate "2022.10.05"]
[SourceVersion "1"]
[SourceVersionDate "2022.10.05"]
[SourceQuality "1"]

1. d4 e6 2. c4 g6 3. Nc3 Bg7 4. e4 d6 5. Nf3 Ne7 6. Be2 0-0 7. 0-0 c5 8. Be3 cxd4 9. Bxd4 e5 10. Be3 a6 11. Qd2 Qc7 12. Rfd1 Rd8 13. Bg5 f6 14. Be3 Be6 15. b3 Nbc6 16. Nd5 Bxd5 17. cxd5 Nb8 18. Rac1 Qd7 19. Bb6 Rc8 20. Qe3 f5 21. Bd3 f4 22. Qd2 h6 23. Qa5 Nbc6 24. dxc6 Nxc6 25. Qd5+ Kh7 26. a3 Ne7 27. Qa5 Nc6 28. Qd2 g5 29. Bc4 Bf6 30. Qxd6 Qxd6 31. Rxd6 Bd8 32. Bxd8 Rxd8 33. Rcd1 Nd4 34. Rxd8 Rxd8 35. Nxd4 exd4 36. Bd5 1-0

[Event "Amager Spring B"]
[Site "Amager"]
[Date "2010.06.01"]
[Round "4"]
[White "Larsen, Kim"]
[Black "Smidt, Johnny"]
[Result "1/2-1/2"]
[WhiteElo "1637"]
[BlackElo "1672"]
[PlyCount "96"]
[EventDate "2010.05.11"]
[EventType "tourn"]
[EventRounds "5"]
[EventCountry "DEN"]
[SourceTitle "EXT 2023"]
[Source "ChessBase"]
[SourceDate "2022.10.05"]
[SourceVersion "1"]
[SourceVersionDate "2022.10.05"]
[SourceQuality "1"]

1. e4 c5 2. Nf3 Nc6 3. d4 cxd4 4. Nxd4 Nf6 5. Nc3 g6 6. Be3 Bg7 7. Bc4 d6 8. Qd2 0-0 9. 0-0-0 Ng4 10. Nxc6 bxc6 11. Bf4 e5 12. Bxe5 Nxe5 13. Bb3 Ba6 14. g3 Qa5 15. Qxd6 Bh6+ 16. Kb1 Bc4 17. f4 Bxb3 18. cxb3 Ng4 19. Qxc6 Rac8 20. Qd5 Qb6 21. Qd4 Qa5 22. Qd5 Rc5 23. Qd2 Bg7 24. Na4 Qxd2 25. Rxd2 Rc7 26. h3 Nf6 27. Re1 Re8 28. Rde2 Rd8 29. g4 Rd3 30. Re3 Rd2 31. Nc3 Rcd7 32. Kc1 Rf2 33. Ne2 Bf8 34. f5 g5 35. Rd1 Rxd1+ 36. Kxd1 Bc5 37. Rc3 Bb6 38. e5 Ne8 39. Rc8 Kf8 40. Nc3 Be3 41. Ne4 Rxb2 42. Nf6 Kg7 43. Rxe8 Bf4 44. Rg8+ Kh6 45. Rh8 Kg7 46. Rxh7+ Kf8 47. Rh8+ Kg7 48. Rg8+ Kh6 1/2-1/2

[Event "Amager-ch"]
[Site "Amager"]
[Date "2009.10.27"]
[Round "7"]
[White "Mielow, Bjarne"]
[Black "Larsen, Kim"]
[Result "1/2-1/2"]
[WhiteElo "1621"]
[BlackElo "1593"]
[PlyCount "164"]
[EventDate "2009.09.01"]
[EventType "swiss"]
[EventRounds "7"]
[EventCountry "DEN"]
[SourceTitle "EXT 2023"]
[Source "ChessBase"]
[SourceDate "2022.10.05"]
[SourceVersion "1"]
[SourceVersionDate "2022.10.05"]
[SourceQuality "1"]

1. e4 c5 2. Nf3 Nc6 3. Bc4 e6 4. d4 cxd4 5. Nxd4 g6 6. Nxc6 bxc6 7. Qd4 Qf6 8. e5 Qe7 9. 0-0 Qc5 10. Qxc5 Bxc5 11. c3 a5 12. Nd2 Ba6 13. Bxa6 Rxa6 14. Ne4 Be7 15. Rd1 f5 16. exf6 Nxf6 17. Nxf6+ Bxf6 18. Be3 g5 19. Rd3 h5 20. Rad1 Rh7 21. h3 Ra8 22. b3 Rb8 23. c4 Rb7 24. Bd2 Ra7 25. Rf3 Be7 26. Rg3 Rg7 27. Be3 Rb7 28. f4 g4 29. hxg4 hxg4 30. Bd4 Rg6 31. Rf1 Bh4 32. Rd3 Bf6 33. Bxf6 Rxf6 34. Rg3 Rg6 35. f5 exf5 36. Rxf5 a4 37. Rf4 axb3 38. axb3 Ke7 39. Re3+ Kd6 40. Kf2 g3+ 41. Kf3 Rb8 42. Rg4 Rbg8 43. Ree4 Kc5 44. Rxg6 Rxg6 45. Re7 d5 46. cxd5 Kxd5 47. Rd7+ Kc5 48. Rd3 Kb4 49. Ke2 c5 50. Kd2 c4 51. bxc4 Kxc4 52. Rf3 Kd4 53. Rf4+ Ke5 54. Ke3 Rg5 55. Re4+ Kf6 56. Kf3 Kg6 57. Re8 Kf7 58. Rc8 Kf6 59. Kf4 Ra5 60. Rc6+ Kg7 61. Kxg3 Ra4 62. Kh3 Kf7 63. g4 Kg7 64. Kh4 Ra5 65. g5 Kh7 66. Kh5 Kg7 67. Rc7+ Kg8 68. Kh6 Ra1 69. Kg6 Kf8 70. Rc8+ Ke7 71. Kg7 Rh1 72. Rc7+ Ke8 73. Rf7 Rg1 74. Rf5 Ke7 75. g6 Rg2 76. Re5+ Kd6 77. Re1 Rg3 78. Rf1 Ke7 79. Kh7 Rh3+ 80. Kg8 Rg3 81. Re1+ Kf6 82. Rf1+ Kxg6 1/2-1/2

[Event "Amager-ch"]
[Site "Amager"]
[Date "2009.09.15"]
[Round "3"]
[White "Nielsen, Bjorn1"]
[Black "Larsen, Kim"]
[Result "0-1"]
[WhiteElo "1000"]
[BlackElo "1593"]
[PlyCount "120"]
[EventDate "2009.09.01"]
[EventType "swiss"]
[EventRounds "7"]
[EventCountry "DEN"]
[SourceTitle "EXT 2023"]
[Source "ChessBase"]
[SourceDate "2022.10.05"]
[SourceVersion "1"]
[SourceVersionDate "2022.10.05"]
[SourceQuality "1"]

1. d4 d5 2. Nf3 g6 3. e3 Bg7 4. Nc3 b6 5. Be2 Bb7 6. 0-0 e6 7. Re1 Ne7 8. Bd3 c5 9. Bb5+ Nd7 10. Ne5 Bxe5 11. Bxd7+ Qxd7 12. dxe5 0-0-0 13. a4 Nc6 14. f4 a6 15. b3 d4 16. Ne4 dxe3 17. Qxd7+ Rxd7 18. Bxe3 Nb4 19. Nd6+ Rxd6 20. exd6 Nxc2 21. d7+ Kd8 22. Kf2 Nxe1 23. Rxe1 Kxd7 24. g3 Rd8 25. Bc1 Kc6 26. Re3 Rd1 27. Bb2 Rd2+ 28. Re2 Rxe2+ 29. Kxe2 Kd5 30. Kd3 Bc6 31. Bf6 b5 32. a5 b4 33. Ke3 c4 34. bxc4+ Kxc4 35. Kd2 Kb5 36. Bd8 f6 37. Bc7 e5 38. fxe5 fxe5 39. Bb6 Kc4 40. Bc7 e4 41. Bb6 Kb3 42. Kc1 Ka2 43. h4 b3 44. Bd4 e3 45. Kd1 b2 46. Bxb2 Kxb2 47. Ke2 Kb3 48. Kxe3 Ka4 49. Kd3 Kxa5 50. Kc3 Kb5 51. g4 Kc5 52. g5 Kd5 53. Kb4 Ke5 54. Ka5 Kf5 55. Kxa6 Kg4 56. Kb6 Ba8 57. Kc5 Kxh4 58. Kd6 Kxg5 59. Ke6 h5 60. Kf7 h4 0-1

[Event "Amager Spring"]
[Site "Amager"]
[Date "2009.05.19"]
[Round "3"]
[White "Larsen, Kim"]
[Black "Friis, Jordy Ar"]
[Result "0-1"]
[WhiteElo "1591"]
[BlackElo "1519"]
[PlyCount "104"]
[EventDate "2009.05.05"]
[EventType "swiss"]
[EventRounds "5"]
[EventCountry "DEN"]
[SourceTitle "EXT 2023"]
[Source "ChessBase"]
[SourceDate "2022.10.05"]
[SourceVersion "1"]
[SourceVersionDate "2022.10.05"]
[SourceQuality "1"]

1. d4 Nf6 2. Nf3 d5 3. Bf4 c5 4. e3 e6 5. c3 Nbd7 6. Bd3 Be7 7. 0-0 0-0 8. b3 Nh5 9. Bg3 Nxg3 10. fxg3 Qc7 11. Qe2 e5 12. Bf5 e4 13. Nfd2 Nf6 14. Bxc8 Raxc8 15. a4 Qd7 16. Na3 cxd4 17. cxd4 a6 18. Ndb1 Qc6 19. Ra2 Qb6 20. Rb2 Bxa3 21. Nxa3 Rc3 22. Rfb1 Rfc8 23. Rc2 R8c6 24. Nc4 R6xc4 25. Rxc3 Rxc3 26. b4 Qc7 27. Rb2 Qc8 28. h3 Rc1+ 29. Kh2 Qc4 30. Qd2 Qf1 31. g4 Qg1+ 32. Kg3 Qe1+ 33. Qxe1 Rxe1 34. Rc2 g6 35. Kf2 Rb1 36. g5 Nd7 37. Rc7 Nb6 38. a5 Nc4 39. Rxb7 Rb2+ 40. Kg3 Nxe3 41. Kf4 Nxg2+ 42. Ke5 e3 43. Rb6 e2 44. Kf6 h5 45. Rb8+ Kh7 46. Rb7 e1R 47. Rxf7+ Kg8 48. Rg7+ Kf8 49. Rh7 Rf2+ 50. Kxg6 Re6+ 51. Kxh5 Rf4 52. h4 Rxh4# 0-1

[Event "Amager CC-ch"]
[Site "Amager"]
[Date "2009.03.24"]
[Round "7"]
[White "Varming, Thomas"]
[Black "Larsen, Kim"]
[Result "1-0"]
[WhiteElo "1820"]
[BlackElo "1538"]
[PlyCount "39"]
[EventDate "2009.01.20"]
[EventType "swiss"]
[EventRounds "9"]
[EventCountry "DEN"]
[SourceTitle "EXT 2023"]
[Source "ChessBase"]
[SourceDate "2022.10.05"]
[SourceVersion "1"]
[SourceVersionDate "2022.10.05"]
[SourceQuality "1"]

1. d4 d5 2. Nf3 Nf6 3. c4 c6 4. Nc3 dxc4 5. a4 Nd5 6. e3 Nxc3 7. bxc3 b5 8. axb5 cxb5 9. Ne5 Be6 10. Qf3 Qd5 11. e4 Qd6 12. Bf4 f6 13. Nf7 Qd7 14. Nxh8 Bg4 15. Qg3 g5 16. Bxb8 Bg7 17. h3 Be6 18. Qc7 Qxc7 19. Bxc7 Bxh8 20. Be2 1-0

[Event "Amager CC-ch B"]
[Site "Amager"]
[Date "2008.04.08"]
[Round "9"]
[White "Christiansen, Peter1"]
[Black "Larsen, Kim"]
[Result "1/2-1/2"]
[WhiteElo "1450"]
[BlackElo "1470"]
[PlyCount "21"]
[EventDate "2008.03.23"]
[EventType "tourn"]
[EventRounds "9"]
[EventCountry "DEN"]
[SourceTitle "EXT 2023"]
[Source "ChessBase"]
[SourceDate "2022.10.05"]
[SourceVersion "1"]
[SourceVersionDate "2022.10.05"]
[SourceQuality "1"]

1. e4 c5 2. Nf3 Nc6 3. d4 cxd4 4. Nxd4 Nf6 5. Nc3 e5 6. Ndb5 d6 7. Bg5 a6 8. Na3 b5 9. Nd5 Be7 10. Bxf6 gxf6 11. c3 1/2-1/2

[Event "Amager Guld B"]
[Site "Amager"]
[Date "2007.12.04"]
[Round "5"]
[White "Larsen, Kim"]
[Black "Johansen, Erik"]
[Result "1/2-1/2"]
[WhiteElo "1513"]
[BlackElo "1365"]
[PlyCount "64"]
[EventDate "2007.10.23"]
[EventType "tourn"]
[EventRounds "5"]
[EventCountry "DEN"]
[SourceTitle "EXT 2023"]
[Source "ChessBase"]
[SourceDate "2022.10.05"]
[SourceVersion "1"]
[SourceVersionDate "2022.10.05"]
[SourceQuality "1"]

1. e4 c5 2. f4 g6 3. Nf3 d6 4. Bc4 Bg7 5. 0-0 e6 6. c3 Ne7 7. d4 cxd4 8. cxd4 0-0 9. Be3 d5 10. Bd3 dxe4 11. Bxe4 Nd5 12. Bxd5 exd5 13. Qb3 b6 14. Nbd2 Bb7 15. Rac1 Nc6 16. Rc3 Re8 17. Rfc1 Na5 18. Qd1 Nc4 19. Nxc4 dxc4 20. Qd2 b5 21. b3 Bd5 22. bxc4 Bxf3 23. gxf3 Rxe3 24. Rxe3 Bxd4 25. cxb5 Qb6 26. Rce1 Re8 27. Kf2 Kg7 28. Qd3 Qf6 29. Kg2 Bxe3 30. Rxe3 Rd8 31. Qc3 Qxc3 32. Rxc3 Rd2+ 1/2-1/2

[Event "Amager Guld B"]
[Site "Amager"]
[Date "2007.10.23"]
[Round "1"]
[White "Larsen, Kim"]
[Black "Gade, Jens"]
[Result "0-1"]
[WhiteElo "1513"]
[BlackElo "1506"]
[PlyCount "126"]
[EventDate "2007.10.23"]
[EventType "tourn"]
[EventRounds "5"]
[EventCountry "DEN"]
[SourceTitle "EXT 2023"]
[Source "ChessBase"]
[SourceDate "2022.10.05"]
[SourceVersion "1"]
[SourceVersionDate "2022.10.05"]
[SourceQuality "1"]

1. e4 c5 2. Nf3 d6 3. c3 Bg4 4. Bc4 Nf6 5. d3 e6 6. Bg5 Be7 7. Bb5+ Nfd7 8. Bxe7 Qxe7 9. Nbd2 0-0 10. d4 f5 11. Be2 Nc6 12. 0-0 fxe4 13. Nxe4 d5 14. Nxc5 Nxc5 15. dxc5 Bxf3 16. Bxf3 Qxc5 17. Qe2 e5 18. Rad1 e4 19. Bg4 Rae8 20. Bd7 Re7 21. Bxc6 bxc6 22. Qe3 Qxe3 23. fxe3 a5 24. Rxf8+ Kxf8 25. Rd4 Rb7 26. b3 Ke7 27. c4 Ke6 28. cxd5+ cxd5 29. Ra4 Rb5 30. Kf2 Rc5 31. h4 Kf5 32. a3 Kg4 33. b4 axb4 34. Rxb4 Rc2+ 35. Kf1 Kg3 36. Rb7 Kxh4 37. Rxg7 h5 38. g3+ Kh3 39. Rg5 Ra2 40. Rxh5+ Kxg3 41. Rxd5 Kf3 42. Rf5+ Kxe3 43. a4 Rxa4 44. Rf8 Ra1+ 45. Kg2 Rd1 46. Re8 Kd3 47. Kf2 Rd2+ 48. Ke1 Re2+ 49. Kf1 Ra2 50. Rd8+ Ke3 51. Re8 Ra1+ 52. Kg2 Kd3 53. Rd8+ Ke2 54. Re8 e3 55. Rd8 Rf1 56. Rd7 Rd1 57. Re7 Rd3 58. Ra7 Ke1 59. Ra1+ Rd1 60. Ra3 Rd2+ 61. Kf3 e2 62. Ra1+ Rd1 63. Ra3 Kf1 0-1